El papel estratégico de la educación para el desarrollo sostenible /
Uloženo v:
| Hlavní autor: | |
|---|---|
| Další autoři: | |
| Médium: | Kniha |
| Jazyk: | Spanish |
| Tagy: |
Přidat tag
Žádné tagy, Buďte první, kdo vytvoří štítek k tomuto záznamu!
|
MARC
| LEADER | 00000nam a22000007a 4500 | ||
|---|---|---|---|
| 003 | cru CIDCACS/IIS | ||
| 005 | 20170728062529.0 | ||
| 007 | ta | ||
| 008 | 170727t2001 cr ||||| |||| 00| 0 spa d | ||
| 999 | |c 19496 |d 19496 | ||
| 040 | |c cru CIDCACS/IIS | ||
| 100 | 1 | |9 5045 |a Matarrita Baccá, Rosaura | |
| 245 | 1 | 3 | |a El papel estratégico de la educación para el desarrollo sostenible / |c Rosaura Matarrita Baccá, Emma Tuk Mena |
| 300 | |a páginas 19-26 | ||
| 700 | 1 | |9 5044 |a Tuk Mena, Emma | |
| 773 | 0 | |0 19488 |9 1058 |a Universidad de Costa Rica |d San José, Costa Rica: Editorial Universidad de Costa Rica, 1977- |o 18144 |t Educación: |x 03797082 | |
| 942 | |2 ddc |c PP | ||
